000 00394nam a22001577a 4500
020 _a9788181112379
082 _aH 305.42
_bSAN/N
100 _aSangeetha K
245 _aNari chethana ki sardhak thalash/
_cby Sangeetha K
260 _aMadhura:
_bJawahar Pusthakalay,
_c2013.
300 _a160p.
650 _aFeminism
650 _aWomen Studies
650 _aSocial Sciences
942 _cBK
999 _c69646
_d69646